|
|
|
|
| LEADER |
00000caa a22000002c 4500 |
| 001 |
191258669X |
| 003 |
DE-627 |
| 005 |
20250122055007.0 |
| 007 |
tu |
| 008 |
241217s2012 xx ||||| 00| ||eng c |
| 035 |
|
|
|a (DE-627)191258669X
|
| 035 |
|
|
|a (DE-599)KXP191258669X
|
| 040 |
|
|
|a DE-627
|b ger
|c DE-627
|e rda
|
| 041 |
|
|
|a eng
|
| 084 |
|
|
|a 2,1
|2 ssgn
|
| 100 |
1 |
|
|a Garcia, Marie
|e VerfasserIn
|0 (DE-588)1080932313
|0 (DE-627)845398873
|0 (DE-576)453837727
|4 aut
|
| 109 |
|
|
|a Garcia, Marie
|
| 245 |
1 |
0 |
|a Improving access to services for female offenders returning to the community
|
| 264 |
|
1 |
|c 2012
|
| 336 |
|
|
|a Text
|b txt
|2 rdacontent
|
| 337 |
|
|
|a ohne Hilfsmittel zu benutzen
|b n
|2 rdamedia
|
| 338 |
|
|
|a Band
|b nc
|2 rdacarrier
|
| 773 |
0 |
8 |
|i Enthalten in
|a National Institute of Justice (USA)
|t Journal
|d Washington, DC : NIJ, 1992
|g (2012), 269, Seite 18-23
|w (DE-627)171043189
|w (DE-600)1143896-4
|w (DE-576)033045135
|x 1067-7453
|7 nnas
|
| 773 |
1 |
8 |
|g year:2012
|g number:269
|g pages:18-23
|
| 787 |
0 |
8 |
|i Forschungsdaten
|a Lattimore, Pamela K.
|t Serious and Violent Offender Reentry Initiative (SVORI) Multi-site Impact Evaluation, 2004-2011 (United States)
|d [Erscheinungsort nicht ermittelbar] : [Verlag nicht ermittelbar], 2011
|w (DE-627)1840043393
|
| 935 |
|
|
|a mkri
|
| 951 |
|
|
|a AR
|
| ELC |
|
|
|b 1
|
| LOK |
|
|
|0 000 xxxxxcx a22 zn 4500
|
| LOK |
|
|
|0 001 4637552192
|
| LOK |
|
|
|0 003 DE-627
|
| LOK |
|
|
|0 004 191258669X
|
| LOK |
|
|
|0 005 20241217044558
|
| LOK |
|
|
|0 008 241217||||||||||||||||ger|||||||
|
| LOK |
|
|
|0 035
|a (DE-2619)ICPSR104471
|
| LOK |
|
|
|0 040
|a DE-2619
|c DE-627
|d DE-2619
|
| LOK |
|
|
|0 092
|o n
|
| LOK |
|
|
|0 852
|a DE-2619
|
| LOK |
|
|
|0 852 1
|9 00
|
| LOK |
|
|
|0 935
|a nacp
|
| LOK |
|
|
|0 939
|a 17-12-24
|b l01
|
| ORI |
|
|
|a SA-MARC-krimdoka001.raw
|